Oracle curriculum : Business professionals section. Revision 0
Kaydedildi:
| Materyal Türü: | Kitap |
|---|---|
| Dil: | Undetermined |
| Baskı/Yayın Bilgisi: |
Australia
Thomson
2003
|
| Konular: | |
| Etiketler: |
Etiketle
Etiket eklenmemiş, İlk siz ekleyin!
|
| Thư viện lưu trữ: | Trung tâm Học liệu Trường Đại học Cần Thơ |
|---|
| LEADER | 00607nam a2200205Ia 4500 | ||
|---|---|---|---|
| 001 | CTU_100861 | ||
| 008 | 210402s9999 xx 000 0 und d | ||
| 020 | |c 384000 | ||
| 082 | |a 005.758 | ||
| 082 | |b O.63 | ||
| 245 | 0 | |a Oracle curriculum : | |
| 245 | 0 | |b Business professionals section. Revision 0 | |
| 260 | |a Australia | ||
| 260 | |b Thomson | ||
| 260 | |c 2003 | ||
| 650 | |a Database management,Oracle ( computer programs ),System administration | ||
| 650 | |x Computer programs | ||
| 904 | |i Truc | ||
| 910 | |a Sách kèm đĩa AV.001843 | ||
| 980 | |a Trung tâm Học liệu Trường Đại học Cần Thơ | ||